000 00676nam a2200253Ia 4500
003 OSt
005 20220918204908.0
006 a|||||r|||| 00| 0
007 ta
008 220917b |||||||| |||| 00| 0 eng d
024 _a114,606
037 _cTextual
040 _aARTS
_cARTS
_beng
041 _2eng
_aeng
082 _aV57:71, L5
100 _aJensen Ole Klindt
_9113484
245 0 _aHistory of Scandinavian archaeology
260 _aLondon
_bThames and Hudson
_c1975
300 _a143p. illus
_ccm.
500 _aBibliography p 139-141
650 _aHISTORY
942 _hV57:71, L5
_cTEXL
_2CC
999 _c237936
_d237936